|
|
|
|
| LEADER |
00000nam0a2200000 4500 |
| 001 |
30563 |
| 005 |
20231101210000.0 |
| 010 |
|
|
|a 5846300030
|
| 035 |
|
|
|a (RuTPU)RU\TPU\book\30835
|
| 035 |
|
|
|a BOOK00030912
|
| 090 |
|
|
|a 30563
|
| 100 |
|
|
|a 20011209d2000 km y0rusy50 ca
|
| 101 |
0 |
|
|a rus
|a jpn
|
| 102 |
|
|
|a RU
|
| 105 |
|
|
|a y z 001zy
|
| 200 |
1 |
|
|a Графическая стилистика японского языка
|f Е. В. Маевский
|
| 210 |
|
|
|a Москва
|c Муравей-Гайд
|d 2000
|
| 215 |
|
|
|a 174 с.
|
| 320 |
|
|
|a Библиогр.: с. 159-174.
|
| 606 |
1 |
|
|a Японский язык
|2 stltpush
|3 (RuTPU)RU\TPU\subj\21832
|9 46762
|
| 610 |
1 |
|
|a стилистика
|
| 610 |
1 |
|
|a графическая стилистика
|
| 610 |
1 |
|
|a письменная речь
|
| 686 |
|
|
|a Ш175.12
|v LBC/SL-A
|2 rubbk
|
| 700 |
|
1 |
|a Маевский
|b Е. В.
|g Евгений Викторович
|
| 801 |
|
0 |
|a RU
|b 63413507
|c 20011209
|g PSBO
|
| 801 |
|
2 |
|a RU
|b 63413507
|c 20161108
|g PSBO
|
| 942 |
|
|
|c BK
|